| 000 | 003180000a22001090004500 | ||
|---|---|---|---|
| 090 |
_aAS _bSeriadas |
||
| 245 | 1 | 0 | _aNovedades en Passiflora (<Passifloraceae>) de Colombia |
| 041 | 0 | _aEspañol | |
| 100 | 1 |
_aEscobar, Linda K. _999557 |
|
| 942 | _cARTICULO | ||
| 773 | 1 |
_tMutisia: Acta Botánica Colombiana _3893 _h71 _q1-12 _d1988 |
|
| 999 |
_c15260 _d15260 |
||